000 00298nam a22001457a 4500
008 210511b ||||| |||| 00| 0 eng d
020 _at 4202
041 _aeng
080 _a82
082 _a82
100 _a21
101 _aGJL
245 _aEmma Lazarus
_cMatina S.Horner
942 _2udc
_cBK
999 _c57186
_d57186